Statystyki dla Wszystkie smaki napojów Müllermilch

Kliknij tutaj aby rozwiązać quiz!

Ogólne statystyki

  • Ten quiz został rozwiązany 19 razy
  • Średni wynik to 10 z 22

Statystyki odpowiedzi

RodzajeSmaki% Poprawnych
ZeroCzekolada
100%
OrginalCzekolada
100%
ZeroTruskawka
93%
OrginalTruskawka
93%
ZeroBanan
79%
OrginalBanan
79%
ShakeBanan
79%
ProteinWanilia
71%
ShakeWanilia
71%
OrginalWanilia
71%
OrginalBiała czekolada
43%
OrginalKakao
36%
OrginalPistacja-kokos
21%
OrginalCiasteczko-czekolada-karmel
14%
Limited editionCinnamon roll
14%
ProteinCzekolada-banan
14%
OrginalCzekolada-orzech laskowy
14%
ProteinBanan bez cukru
7%
ProteinCzekolada bez cukru
7%
ShakeSłoneczna truskawka
7%
ShakeCzekolada-pomarańcza
0%
ShakeMleczna czekolada
0%

Rozkład punktacji

Percentyl według liczby udzielonych odpowiedzi

Procent ludzi z każdym wynikiem

Twoja historia wyników

Nie rozwiązałeś tego quizu